000 01292cam a2200277 i 4500
003 SA-RiAUC
005 20250729064630.0
008 250725s1994 jo g 00000 ara c
040 _aSA-RiAUC
_bara
_cSA-RiAUC
_erda
082 0 4 _a257.1
_qSA-RiAUC
090 _a257.1
_bث ع ا
100 1 _aالثعالبي، عبد الملك بن محمد بن إسماعيل،
_d350-429 هجري
_eمؤلف.
245 1 0 _aتحفة الوزراء /
_cأبو منصور عبد الملك بن محمد بن إسماعيل الثعالبي ؛ تحقيق ودراسة سعد أبو دية.
250 _aالطبعة الأولى.
264 1 _aعمان، الأردن :
_bدار البشير،
_c1994
264 2 _aبيروت :
_bالشركة المتحدة للتوزيع
300 _a116 صفحة ؛
_c24 سم
336 _aنص
_btxt
_2rdacontent
_3كتاب
337 _aبدون وسيط
_bn
_2rdamedia
338 _aمجلد
_bnc
_2rdacarrier
650 7 _aنظم الحكم في الإسلام
_2aucsh
700 1 _aأبو دية، سعد،
_d1947-
_eمحقق.
700 1 2 _iتحقيق لـ (عمل) :
_aالثعالبي، عبد الملك بن محمد بن إسماعيل،
_d350-429 هجري.
_tتحفة الوزراء
942 _2ddc
_cBOOK
_n0
949 _aSA-JeALM
_d250725
_umohamedma123
_n1
999 _c10377
_d10377